000 00871nam a22003017a 4500
003 CHAP
005 20220329133635.0
008 971013s1992 r 00010 d
010 _a8902
011 _a9874
035 _a9110
040 _cCHAP
082 _a913
_bB5 1992
100 0 0 _aBlij, H. J. de.
_913167
245 _aGeography regions and concepts
250 _a6 ed.
260 _aNew York :
_bWiley,
_c1992
300 _a638 p.
_b: ilus.
590 _aBATCH-UPD
_b10
_c20130110
_lUCH01
_h1802
590 _aBATCH-UPD
_b10
_c20130410
_lUCH01
_h1137
590 _aBATCH-UPD
_b10
_c20130914
_lUCH01
_h1536
590 _aCONVERSION
_b10
_c20130109
_lUCH01
_h1306
650 1 4 _aGeografĂ­a.
_947540
700 0 _aMuller, Peter O.
_979443
901 _aBK
942 _cLIBRO
949 _a913 B5 1992
_bBC
_cLIBRO
_d33724000257614
_eLIBRO
_gI.168128
_h84106
_i9110
_si
_t219.00
999 _c8902
_d8902